000
00305nam a2200133Ia 4500
008
240624s9999 xx 000 0 und d
041
_a
eng
082
_a
658.5 IGN
100
_a
IGNOU
245
_a
WORK AND JOB DESIGN 3
260
_c
2007
_a
New Delhi
_b
IGNOU
300
_a
44 : p. : cm. ; 26
365
_c
RS
999
_c
7237
_d
7237